000 00536nam a2200205Ia 4500
005 20250425162036.0
008 250425s9999 xx 000 0 und d
020 _a0201601451
041 _aspa
082 _a620.11
100 _aJOHN, V. B.
245 0 _aINGENIERIA DE LOS MATERIALES
250 _a1A ED.
260 _aEstados Unidos
_bADDISON WESLEY IBEROAMERICANA
_c1990
260 _aWILMINGTON
500 _aTítulo Traducido: ENGINEERING MATERIALS
650 _aINGENIERIA-MATERIALES
942 _c01
010 _a42136
999 _c221193
_d221193